[Event "Chigorin Memorial 07th"]
[Site "St Petersburg"]
[Date "1999.11.06"]
[Round "5"]
[White "Yemelin, Vasily"]
[Black "Eliseev, Alexey"]
[Result "1/2-1/2"]
[WhiteElo "2500"]
[BlackElo "2327"]
[Annotator "Hecht,H"]
[PlyCount "85"]
[EventDate "1999.11.02"]
[EventType "swiss"]
[EventRounds "9"]
[EventCountry "RUS"]
[SourceTitle "CBM 074"]
[Source "ChessBase"]
[SourceDate "2000.02.01"]
[SourceVersion "1"]
[SourceVersionDate "2000.02.01"]
[SourceQuality "1"]

1. e4 e5 2. Nf3 Nc6 3. Bb5 Nf6 4. O-O Nxe4 5. d4 Nd6 6. Bxc6 dxc6 7. dxe5 Nf5
8. Qxd8+ Kxd8 9. Nc3 Ke8 10. h3 a5 11. Re1 Bb4 12. Bd2 Be6 13. Ne4 Bxd2 14.
Nexd2 a4 15. a3 b6 16. Ne4 Bd5 17. Rad1 h5 18. Nd4 Ne7 19. Nd6+ Kf8 20. c4 Be6
21. Nxe6+ fxe6 22. Ne4 Ke8 23. Rd3 h4 24. c5 b5 25. Ng5 Rh6 26. Re4 Nf5 27. Kf1
Ke7 28. Rg4 Rhh8 29. Nf3 Rad8 30. Rxd8 Rxd8 31. Nxh4 Nxh4 32. Rxh4 Rd5 33. Rg4
Kf7 34. Re4 Rxc5 35. f4 Rc2 36. Re2 {[#] Wir analysieren das Bauernendspiel in
der Variante:} Rc4 (36... Rxe2 37. Kxe2 c5 38. Kd3 Ke7 39. g4 g6 (39... Kf7 40.
h4 Ke7 41. h5 Kf7 42. f5 Ke7 43. g5 Kf7 44. fxe6+ Kxe6 45. h6 gxh6 46. gxh6 Kf7
47. e6+ $18) 40. h4 Kf7 41. h5 gxh5 42. gxh5 Kg7 43. f5 exf5 44. e6 $18) 37. g3
c5 38. Rd2 Ke7 39. Ke2 b4 40. Kd3 Rd4+ 41. Ke3 Rc4 42. Kd3 Rd4+ 43. Ke3 1/2-1/2

[Event "POL-ch 57th"]
[Site "Plock"]
[Date "2000.05.29"]
[Round "2"]
[White "Gdanski, Jacek"]
[Black "Blehm, Pawel"]
[Result "1-0"]
[WhiteElo "2535"]
[BlackElo "2494"]
[Annotator "Hecht,H"]
[PlyCount "121"]
[EventDate "2000.04.28"]
[EventType "tourn"]
[EventRounds "13"]
[EventCountry "POL"]
[EventCategory "10"]
[SourceTitle "CBM 078"]
[Source "ChessBase"]
[SourceDate "2000.10.18"]
[SourceVersion "1"]
[SourceVersionDate "2000.10.18"]
[SourceQuality "1"]

1. e4 e5 2. Nf3 Nc6 3. Bb5 Nf6 4. O-O Nxe4 5. d4 Nd6 6. Bxc6 dxc6 7. dxe5 Nf5
8. Qxd8+ Kxd8 9. Nc3 Ke8 10. h3 Ne7 11. Ne2 Ng6 12. Re1 a5 13. a4 h5 14. Nf4
Nxf4 15. Bxf4 Be6 16. Nd4 Bc5 17. Nxe6 fxe6 18. Rad1 Rd8 19. Rxd8+ Kxd8 20. Be3
Bxe3 21. Rxe3 {[#] Thema: der ideelle Mehrbauer.} h4 22. Kf1 Rh5 23. f4 Rf5 24.
Re4 Ke7 25. Ke2 Rf8 26. Ke3 c5 27. Rc4 b6 28. Rc3 Rd8 29. Rd3 Rf8 30. Ke4 Rf5
31. g4 hxg3 32. Rxg3 Kf7 33. Kf3 Rh5 34. Kg4 g6 35. h4 Rf5 36. b3 Rh5 37. Rh3
Ke7 38. Kf3 Kf7 39. Ke4 Rh8 40. Rh2 Ke7 41. Kf3 Kf7 42. Kg4 Rh5 43. Rd2 Ke7 44.
Rg2 Kf7 45. Rh2 Ke7 46. c3 Rh8 (46... Kf7 47. Rc2 $1 {[%csl Rc7][%cal Rb3b4,
Rc2c7]} Rh8 48. b4 axb4 49. cxb4 Ra8 50. bxc5 Rxa4 51. cxb6 cxb6 52. Rc7+ {
[%cal Gc7a7,Gc7h7,Rg4g5]} Kf8 53. Kg5 b5 54. Rb7 Rb4 55. Kxg6 Rxf4 56. h5 Rg4+
57. Kf6 Rf4+ 58. Kxe6 Rh4 59. Rxb5 Rxh5 60. Kd6 Rh1 61. Rb8+ Kg7 62. Ra8 $18 (
62. e6 Rd1+ 63. Ke7 Ra1 64. Ke8 Kf6 65. e7 Ra7 66. Rb6+ Kg7 67. Re6 $18)) 47.
h5 gxh5+ 48. Rxh5 Rg8+ 49. Rg5 Rh8 50. Rg7+ Kd8 51. c4 Rf8 52. Kg3 Rh8 53. Rf7
Rh1 54. f5 exf5 55. Kf4 Rb1 (55... Rh3 $142 56. Kg5 f4 57. Kf6 Rh6+ $1) 56. Kg5
f4 57. Kf6 Kc8 58. Ke7 Re1 (58... Rxb3 59. e6 Re3 60. Rf8+ Kb7 61. Rxf4 Kc8 62.
Rf8+ Kb7 63. Rf6 Kc8 64. Kf7 Kd8 65. Rf1 Re2 66. Rd1+ Kc8 67. e7 Rf2+ 68. Kg7
Rg2+ 69. Kf6 Rf2+ 70. Kg5 Rg2+ 71. Kf4 Rg8 (71... Rf2+ 72. Ke3 $18) 72. Kf5 c6
73. Kf6 Kc7 74. Kf7 Rh8 75. e8=Q Rxe8 76. Kxe8 b5 77. Rd7+ Kb6 78. Ke7 bxc4 (
78... bxa4 79. Rd3 $18) 79. Kd6 c3 80. Rc7 $18) 59. e6 Re4 60. Rf6 Kb7 61. Kf8
1-0

[Event "Rishon Le Ziyyon"]
[Site "Rishon Le Ziyyon"]
[Date "1996.??.??"]
[Round "7"]
[White "Kotronias, Vasilios"]
[Black "Polgar, Sofia"]
[Result "1-0"]
[WhiteElo "2610"]
[BlackElo "2495"]
[Annotator "Hecht,H"]
[PlyCount "99"]
[EventDate "1996.02.??"]
[EventType "tourn"]
[EventRounds "9"]
[EventCountry "ISR"]
[EventCategory "13"]
[SourceTitle "CBM 053"]
[Source "ChessBase"]
[SourceDate "1996.08.01"]
[SourceVersion "1"]
[SourceVersionDate "1996.08.01"]
[SourceQuality "1"]

1. e4 e5 2. Nf3 Nc6 3. Bb5 Nf6 4. O-O Nxe4 5. d4 Nd6 6. Bxc6 dxc6 7. dxe5 Nf5
8. Qxd8+ Kxd8 9. Rd1+ Ke8 10. Nc3 Ne7 11. h3 Ng6 12. Ne2 h6 13. Ng3 h5 14. b3
a5 15. a4 Bb4 16. Bb2 h4 17. Ne2 Rh5 18. Ned4 Nf4 19. c3 Be7 20. Rd2 Bd7 21.
Re1 c5 22. Nb5 Ne6 23. c4 Bc6 24. Nh2 Bg5 25. Rdd1 Bf4 26. Ng4 Bxb5 27. axb5
Ke7 28. Bc3 Rhh8 29. Rd5 c6 30. Rd6 Rhd8 31. bxc6 bxc6 32. Rxc6 Rd3 33. Ne3
Bxe3 34. Rxe3 Rxe3 35. fxe3 a4 36. b4 a3 37. b5 a2 38. Ra6 Nc7 39. Rxa8 Nxa8 {
[#] beiderseits Freibauern; Taktik, beweglicher sS} 40. Kf2 Nb6 41. Ke2 Nxc4
42. Kd3 Nb6 $6 (42... Na3 $5 43. b6 c4+ 44. Ke4 (44. Kd2 Nb1+ $19) (44. Kd4
Nb5+ 45. Kxc4 Nxc3 46. b7 a1=Q 47. b8=Q $15 Qa5)) 43. Ba1 Nd5 44. e4 Nf4+ 45.
Kc4 Nxg2 46. b6 Kd7 47. e6+ fxe6 48. Kb5 Ne1 49. b7 Kc7 50. Ka6 1-0

[Event "Capablanca Memorial Elite 34th"]
[Site "Havana"]
[Date "1999.05.17"]
[Round "9"]
[White "Bruzon Batista, Lazaro"]
[Black "Comas Fabrego, Luis"]
[Result "1-0"]
[WhiteElo "2488"]
[BlackElo "2541"]
[Annotator "Hecht,H"]
[PlyCount "123"]
[EventDate "1999.05.??"]
[EventType "tourn"]
[EventRounds "13"]
[EventCountry "CUB"]
[EventCategory "12"]
[SourceTitle "CBM 071"]
[Source "ChessBase"]
[SourceDate "1999.08.01"]
[SourceVersion "1"]
[SourceVersionDate "1999.08.01"]
[SourceQuality "1"]

1. e4 e5 2. Nf3 Nc6 3. Bb5 Nf6 4. O-O Nxe4 5. d4 Nd6 6. Bxc6 dxc6 7. dxe5 Nf5
8. Qxd8+ Kxd8 9. Nc3 Ke8 10. h3 a5 11. a3 Ne7 12. Re1 Be6 13. Ne4 Nd5 14. Nd4
Be7 15. Bd2 a4 16. f4 c5 17. Nxe6 fxe6 18. c4 Nb6 19. Rac1 Kd7 20. Kf2 Kc6 21.
Ke2 Rad8 22. Be3 h6 23. Rf1 Rdf8 24. Rf3 g6 25. g4 Rf7 26. Nd2 Nd7 27. Rcf1 Rb8
28. Ne4 b5 29. cxb5+ Rxb5 30. Bc1 c4 31. Rc3 Nb6 32. Nd2 Rc5 33. Rff3 Nd5 34.
Rxc4 Rxf4 35. Rfxf4 Nxf4+ 36. Rxf4 Rxc1 {[#] Wüste Bauernholzerei, die Weiß am
Ende mit einem Freibauern auf a7sieht. Mit einem netten Sperrmotiv, verhilft
er dem Ba7 zur Metamorphose. Taktik pur bis zum "Matt auf dem Kopf".} 37. Rxa4
Kd5 38. Kd3 c5 39. Ra7 Bg5 40. Rd7+ Kxe5 41. Nc4+ Kf4 42. Rc7 Rh1 43. Rf7+ Kg3
44. a4 Kxh3 45. a5 Rd1+ 46. Ke2 Rd4 47. b3 Re4+ 48. Kd1 Rxg4 49. a6 Rg1+ 50.
Ke2 Ra1 51. a7 {[%cal Rc4b6] [#]} Bd8 52. b4 $1 {[%cal Rb4b5] Ein Blitz aus
heiterem Himmel!} Ra2+ 53. Kd1 cxb4 54. Rf3+ Kg4 55. Na3 (55. Ra3 bxa3 56. a8=Q
Ra1+ 57. Ke2 a2 58. Ne3+ $18) 55... Kxf3 56. a8=Q+ Kf4 57. Qb8+ Kf5 58. Qxb4 {
[%cal Rb4b1]} Ra1+ 59. Ke2 Bf6 60. Nc2 Ra2 61. Kf3 Rxc2 62. Qf4# 1-0

[Event "Mondariz zt 1.1"]
[Site "Mondariz"]
[Date "2000.09.10"]
[Round "7"]
[White "Nijboer, Friso"]
[Black "Narciso Dublan, Marc"]
[Result "1-0"]
[WhiteElo "2537"]
[BlackElo "2507"]
[Annotator "Hecht,H"]
[PlyCount "117"]
[EventDate "2000.09.03"]
[EventType "swiss"]
[EventRounds "11"]
[EventCountry "ESP"]
[SourceTitle "CBM 079"]
[Source "ChessBase"]
[SourceDate "2000.11.21"]
[SourceVersion "1"]
[SourceVersionDate "2000.11.21"]
[SourceQuality "1"]

1. e4 e5 2. Nf3 Nc6 3. Bb5 Nf6 4. O-O Nxe4 5. d4 Nd6 6. Bxc6 dxc6 7. dxe5 Nf5
8. Qxd8+ Kxd8 9. Nc3 h6 10. h3 Bd7 11. Bf4 Kc8 12. Rad1 Bb4 13. Ne4 Be6 14. g4
Bd5 15. gxf5 Bxe4 16. Nd4 Bd5 17. Kh2 g5 18. Bg3 b6 19. b3 c5 20. c3 Ba5 21. b4
cxb4 22. cxb4 Bxb4 23. Nc2 Bc4 24. Nxb4 Bxf1 25. Rxf1 Rd8 26. e6 fxe6 27. fxe6
Kb7 28. Re1 Rd2 29. Re5 Re8 30. Nd5 Rxa2 31. Nxc7 Kxc7 32. Re2+ Kb7 33. Rxa2
Rxe6 {[#] Freibauern als Kompensation für die Minusfigur.} 34. h4 a5 35. h5 Kc6
(35... Ka6 $5) 36. Kh3 Kc5 37. Kg4 Kb4 38. Kf5 Rc6 39. Rd2 b5 (39... a4 $5) 40.
Rd6 Rc5+ (40... Rxd6 41. Bxd6+ Kc4 42. Bf8 b4 43. Bxh6 a4 44. Bf8 a3 45. h6 a2
46. Bg7 $18) (40... Kc5 41. Rxc6+ Kxc6 42. f4 g4 43. Kxg4 b4 44. f5 Kd5 45. Bf4
b3 46. Bc1 a4 47. Kf4 $18) 41. Kg6 Kc4 42. Kxh6 b4 43. Kg6 b3 44. h6 b2 45. Rd1
Kb3 46. h7 Rc1 47. Rd3+ Kc4 48. h8=Q b1=Q {[#]} 49. Qd4+ Kb5 50. Qd5+ Ka6 51.
Qa8+ Kb5 52. Qb7+ Kc4 53. Qd5+ Kb4 54. Qe4+ Kb5 55. Rd5+ Kb6 56. Qxb1+ Rxb1 57.
Kxg5 a4 58. Be5 a3 59. Rd3 1-0

[Event "RUS-ch"]
[Site "Krasnodar"]
[Date "2002.08.27"]
[Round "1"]
[White "Geller, Jakov"]
[Black "Yemelin, Vasily"]
[Result "0-1"]
[WhiteElo "2406"]
[BlackElo "2534"]
[Annotator "Hecht,H"]
[PlyCount "116"]
[EventDate "2002.08.27"]
[EventType "swiss"]
[EventRounds "9"]
[EventCountry "RUS"]
[SourceTitle "CBM 091"]
[Source "ChessBase"]
[SourceDate "2002.11.12"]
[SourceVersion "1"]
[SourceVersionDate "2002.11.12"]
[SourceQuality "1"]

1. e4 e5 2. Nf3 Nc6 3. Bb5 Nf6 4. O-O Nxe4 5. d4 Nd6 6. Bxc6 dxc6 7. dxe5 Nf5
8. Qxd8+ Kxd8 9. Nc3 Ne7 10. h3 h6 11. g4 Ng6 12. Kg2 Bd7 13. Bd2 Kc8 14. Rad1
Be7 15. Kg3 a5 16. Rfe1 a4 17. a3 b6 18. Nd4 Bh4+ 19. Kg2 c5 20. Nf5 Bxf5 21.
gxf5 Ne7 22. e6 Nxf5 23. exf7 Rf8 24. Re8+ Kb7 25. Rxa8 Kxa8 26. Nxa4 Rxf7 27.
c4 Nd6 28. Be1 Nxc4 29. b4 Nxa3 30. bxc5 b5 31. Nc3 Kb7 32. Ne4 Re7 33. Kf3 Kc6
34. Bc3 Nc4 35. Rg1 g5 36. Ra1 Ne5+ 37. Kg2 Nd3 38. f3 b4 39. Bd2 Kb5 40. Kf1
Re5 41. Rb1 Rxc5 42. Nxc5 Kxc5 43. Ke2 Nf4+ 44. Bxf4 gxf4 45. Rc1+ Kd6 {
[#] Die verbundenen Freibauern sind nur zum Remis gut!?.} 46. Rc4 $5 (46. Kd3
$142 c5 47. Kc4 Bf2 48. Rc2 Bd4 49. Rg2 Ke6 50. Rg6+ Kf5 51. Rxh6 Kg5 52. Rh7
Kg6 {sieht nach Remis aus}) 46... c5 47. Rxf4 Bg5 48. Re4 Bf6 49. Kd3 Kd5 50.
f4 $2 (50. Rc4 $142 Bd4 51. f4 h5 52. Rc2 b3 53. Rc1 b2 54. Re1 c4+ 55. Kc2 c3
56. f5 Be5 $11) 50... Bd4 51. Re8 c4+ 52. Kd2 b3 53. Rb8 Ke4 $6 (53... c3+ $1
54. Kd3 c2 55. Rd8+ (55. Rc8 Be3 56. Rxc2 bxc2 57. Kxc2 Ke4 58. f5 Kxf5 59. Kd3
Kf4 60. Ke2 h5 61. h4 Bb6 62. Kf1 Kg3 $19) 55... Ke6 56. Rc8 Be3 $19) 54. Rb4
Kd5 55. f5 (55. Rb8 c3+ $19) (55. Kd1 $142 {wonach c3 nicht mit Schach erfolgt.
}) 55... Bf6 56. Rb6 c3+ 57. Kc1 (57. Kd3 c2 $19) 57... Bg5+ 58. Kd1 c2+ 0-1

[Event "NED-ch57"]
[Site "Leeuwarden"]
[Date "2002.06.23"]
[Round "4"]
[White "Nijboer, Friso"]
[Black "Jonkman, Harmen"]
[Result "0-1"]
[WhiteElo "2578"]
[BlackElo "2520"]
[Annotator "Hecht,H"]
[PlyCount "108"]
[EventDate "2002.06.20"]
[EventType "tourn"]
[EventRounds "9"]
[EventCountry "NED"]
[EventCategory "13"]
[SourceTitle "CBM 090"]
[Source "ChessBase"]
[SourceDate "2002.09.20"]
[SourceVersion "1"]
[SourceVersionDate "2002.09.20"]
[SourceQuality "1"]

1. e4 e5 2. Nf3 Nc6 3. Bb5 Nf6 4. O-O Nxe4 5. d4 Nd6 6. Bxc6 dxc6 7. dxe5 Nf5
8. Qxd8+ Kxd8 9. Nc3 Ne7 10. Ne4 Ng6 11. Re1 h6 12. Bd2 Bg4 13. Nd4 Nxe5 14.
Bc3 Nc4 15. a4 c5 16. Ne2 b6 17. Nf6 Bd7 18. a5 Kc8 19. Nh5 Rg8 20. axb6 cxb6
21. Nef4 Bc6 22. Nd3 Nd6 23. Ne5 Kb7 24. Re3 Nf5 25. Rd3 f6 26. Nxc6 Kxc6 27.
g4 Nd6 28. Re1 Nb5 29. Ng3 c4 30. Re6+ Kc7 31. Rd5 Nxc3 32. bxc3 Bc5 33. Ne4
Rgd8 34. Rxd8 Rxd8 35. Nxc5 bxc5 {[#] c-Bauern als Trennmauer} 36. Kf1 (36. Ra6
Kb7 37. Ra2 Ra8 38. f4 a5 39. Kf2 a4 40. Kf3 Kc6 41. Ke4 g6 42. h4 a3 43. h5 g5
44. Kf5 Kd5 45. Ra1 {mit vielleicht besserem hinhaltenden Widerstand.}) 36...
Rd6 37. Re7+ Rd7 38. Re4 Kb6 39. Rxc4 Kb5 40. Re4 a5 41. Re1 Kc4 {Der fehlende
Bauer c4 ermöglicht Schwarz nun die Königsinvasion} 42. Ra1 Kxc3 $1 (42... Ra7
43. Ra3) 43. Rxa5 c4 44. Rc5 Rd4 $19 {[%csl Rc2,Gc4,Rg4]} 45. Rc7 Rxg4 46. h3
Re4 47. Rxg7 Kxc2 48. Rf7 Re6 49. Rc7 c3 50. Kg2 Kd2 51. Rd7+ Kc1 52. Rc7 c2
53. f4 Rb6 54. Kg3 Rb5 0-1